لفت الأنظار إلى ما لم يصح من أحاديث النبي المختار / (رقم التسجيلة. 3053)

تفاصيل مارك
000 -الفاتح
عناصر البيانات ثابتة الطول 00710cam a2200181 i 4500
005 - تاريخ ووقت آخر معاملة
حقل ضبط 20251201082614.0
008 - عناصر البيانات ثابتة الطول
عناصر البيانات ثابتة الطول 250721s2009 jo gr 000 0 ara d
082 14 - رقم تصنيف ديوي العشري
رقم التصنيف 213.21
رقم المادة ش ه ا
100 1# - مدخل رئيسي – اسم شخصي
الاسم الشخصي الدين، علوي بن حامد بن شهاب
علاقة الشخص بالعمل/ دوره مؤلف.
245 10 - بيان العنوان
العنوان لفت الأنظار إلى ما لم يصح من أحاديث النبي المختار /
بيان المسؤولية تأليف الدكتور علوي بن حامد بن شهاب الدين.
250 ## - بيان الطبعة
بيان الطبعة الطبعة الأولى.
264 31 - بيانات النشر، التوزيع…إلخ
مكان النشر، التوزيع...إلخ عمان :
اسم الناشر، الموزع...إلخ دار الجنان،
تاريخ النشر، التوزيع...إلخ 2009.
300 ## - الوصف المادي
عدد الوحدات المكونة للوعاء 159 صفحة.
650 17 - مدخل إضافي بالموضوع - مصطلح موضوعي
مصطلح موضوعي أو اسم جغرافي كعنصر مدخل الحديث الشريف.
650 17 - مدخل إضافي بالموضوع - مصطلح موضوعي
مصطلح موضوعي أو اسم جغرافي كعنصر مدخل الحديث الضعيف.
942 ## - بيانات إضافية (كوها)
نوع التنصيف Dewey Decimal Classification
نوع المادة (كوها) كتب
المقتنيات
حالة السحب حالة الفقدان مصدر التصنيف حالة التلف غير قابل للإعارة المكتبة الرئيسية المكتبة الحالية موقع الرف تاريخ التزويد الرقم المتسلسل Total Checkouts رقم الإستدعاء الباركود تاريخ آخر ظهور تاريخ الفاتورة نوع المادة (كوها)
    Dewey Decimal Classification     المكتبة المركزية المكتبة المركزية الإعارة 28/07/2025 1264922   213.21 / ش ه ا PLD00076344 28/07/2025 28/07/2025 كتب
    Dewey Decimal Classification     المكتبة المركزية المكتبة المركزية مقتنيات قسم التزويد 07/03/2009 1264923   213.21/شها PLD00076440 28/07/2025 07/03/2009 كتب
    Dewey Decimal Classification     المكتبة المركزية المكتبة المركزية مقتنيات قسم التزويد 28/07/2025 1264924   213.21/شها   28/07/2025 28/07/2025 كتب
    Dewey Decimal Classification     المكتبة المركزية المكتبة المركزية مقتنيات قسم التزويد 28/07/2025 1264925   213.21/شها   28/07/2025 28/07/2025 كتب
    Dewey Decimal Classification     مكتبة أبو علندا العامة مكتبة أبو علندا العامة الإعارة 07/03/2009 1264926   213.21/شها PLD00076441 28/07/2025 07/03/2009 كتب
    Dewey Decimal Classification     مكتبة الأميرة ايمان العامة مكتبة الأميرة ايمان العامة الإعارة 07/03/2009 1264927   213.21/شها PLD00076442 28/07/2025 07/03/2009 كتب
Withdrawn   Dewey Decimal Classification     مكتبة الاميرة بديعة مكتبة الاميرة بديعة الإعارة 07/03/2009 1264928   213.21/شها PLD00076443 28/07/2025 07/03/2009 كتب
    Dewey Decimal Classification     مكتبة البراعم الواعدة مكتبة البراعم الواعدة الإعارة 22/02/2010 1360508   213.21/شها PLD00135305 28/07/2025 22/02/2010 كتب
Implemented & Customized by: BBB with SCIT (Smart Chains for Information Technology)

Powered by Koha